000 00548nam a22001817a 4500
003 CEME
005 20210628203710.0
008 210324b xxu||||| |||| 00| 0 eng d
020 _a0-471-54458-2
040 _c.
082 _a603 ENC'B
100 _aBoots, Sharon , Bisio, Attilio
_966908
245 _aEncyclopedia of energy technology and the environment
260 _aNEWYORK
_bJOHN WILEY
_c1995
300 _a4 VOLS
650 _aENVIRONMETAL PROTECTION HANDBOOK MANUALS ETC POWER RESOURCES HANDBOOK MANUALS ETC
_966909
942 _cBK
_2ddc
999 _c574773
_d574773